00669nam a22002177a 450000100090000000300090000900500170001800700090003500800390004404000220008309200170010510000200012224500390014226000380018130000220021994200120024194500270025395201140028095600400039499900170043400074850DO-SdBNP20180202153134.000074850160531b 1977 xxu ||| 00| 0 spa d aBPMSUbspacBPMSU axxxxxbxxxxx1 aSalem, Luis D. 10aRimas del pesebre /cLuis D Salem. aMiami, Florida : bCaribe,c1977. a86 p. ; b18 cm.  2ddccBK aInventariado, 2018/ YL 00102ddc40708CGaBPMETbBPMETd2016-05-31eDonado por FUNDIl0pBPMSU16050465r2016-05-31w2016-05-31yBK 2LOPEREZ3106201605318BPMSUa00041 c10238d10238